| LEADER |
01147nam0a2200241 450 |
| 001 |
16833196 |
| 010 |
|
|
|a 978-2-09-257641-0
|b rel.
|d 5,35
|
| 100 |
|
|
|a 20171024d2026 u u0frey01 ba
|
| 101 |
0 |
|
|a fre
|
| 102 |
|
|
|a FR
|
| 200 |
0 |
|
|a J'ai 30 ans dans mon verre
|f Hubert Ben Kemoun
|g illustrations de Régis Faller
|
| 207 |
|
1 |
|a
|
| 210 |
|
|
|a Paris
|b 9 rue Mechain.
|c Nathan
|d DL 2017
|
| 215 |
|
|
|a 1 vol. (61 p.)
|c ill. en coul., couv. ill. en coul.
|d 19 cm
|
| 225 |
1 |
|
|a Dyscool
|
| 300 |
|
|
|a Label Dyscool : lecture facilitée
|
| 330 |
|
|
|a A la cantine, Nico et ses copains jouent au jeu des verres. Chacun regarde au fond de son verre pour connaître son âge... et le plus ' jeune ' doit débarrasser la table. Mais tous les midis, c'est Nico qui perd. Il en a assez, il lui faut un plan pour gagner ! Une édition conçue pour les Dys et les enfants qui ont du mal à lire.
|
| 461 |
|
0 |
|t Nico
|
| 700 |
|
0 |
|a Ben Kemoun
|b Hubert
|f 1958-....
|4 70
|
| 702 |
|
0 |
|a Faller
|b Régis
|f 1968-....
|4 440
|
| 900 |
|
|
|a Roman enfant
|
| 901 |
|
|
|a Accessible au prêt
|
| 995 |
|
|
|a Bibliothèque
|c Bibliothèque
|f 024020321
|h 024020321
|k E DYS BEN
|o p
|q j
|r az
|e Bibliothèque
|